Normal view
MARC view
Entry Personal Name
001 - CONTROL NUMBER
- control field: 18340
003 - CONTROL NUMBER IDENTIFIER
- control field: BD-RjUL
005 - DATE AND TIME OF LATEST TRANSACTION
- control field: 20260505093436.0
008 - FIXED-LENGTH DATA ELEMENTS
- fixed length control field: 260505|| aca||aabn | a|a d
040 ## - CATALOGING SOURCE
- Original cataloging agency: BD-RjUL
- Transcribing agency: BD-RjUL
100 ## - HEADING--PERSONAL NAME
- Personal name: دہلوی، شاہ ولی اللہ محدث ;; Dehlavi, Shah Waliullah Muhaddith
670 ## - SOURCE DATA FOUND
- Source citation: Work cat.: (BD-RjUL)86428: دہلوی، شاہ ولی اللہ محدث ;; Dehlavi, Shah Waliullah Muhaddith, ازالۃ الخفاء عن خلافۃ الخلفاء ;; azalat alkhafa an khalafat alkhalfa /, 1954